[Event "World ol U16"]
[Site "Kuala Lumpur"]
[Date "2002.08.27"]
[Round "10"]
[White "Karjakin, Sergey"]
[Black "Wong, Zi Chuang"]
[Result "1-0"]
[WhiteElo "2523"]
[BlackElo "2133"]
[PlyCount "60"]
[EventDate "2002.08.20"]
[EventType "team"]
[EventRounds "10"]
[EventCountry "MAS"]
[SourceTitle "CBM 089 Extra"]
[Source "ChessBase"]
[SourceDate "2002.09.10"]
[SourceVersion "2"]
[SourceVersionDate "2002.09.10"]
[SourceQuality "1"]

1. e4 c6 2. d4 d5 3. Nc3 dxe4 4. Nxe4 Bf5 5. Ng3 Bg6 6. h4 h6 7. Nf3 Nd7 8. h5
Bh7 9. Bd3 Bxd3 10. Qxd3 e6 11. Bf4 Qa5+ 12. Bd2 Qc7 13. O-O-O Ngf6 14. Ne4 Be7
15. Kb1 O-O-O 16. g3 Rhe8 17. Nxf6 Bxf6 18. Qa3 b5 19. Bf4 Qb6 20. Rhe1 a5 21.
Qe3 Kb7 22. g4 c5 23. dxc5 Nxc5 24. Ne5 Bxe5 25. Bxe5 Rxd1+ 26. Rxd1 f6 27. Rd6
Qc7 28. Qf3+ Ka7 29. Ra6+ Nxa6 30. Bxc7 Nxc7 1-0

[Event "LAT-EST m"]
[Site "Riga"]
[Date "2002.08.31"]
[Round "?"]
[White "Stasans, Aivars"]
[Black "Karjakin, Sergei"]
[Result "1/2-1/2"]
[WhiteElo "2252"]
[BlackElo "2189"]
[PlyCount "71"]
[EventDate "2002.08.31"]
[EventType "team"]
[EventRounds "1"]
[EventCountry "LAT"]
[SourceTitle "CBM 090 Extra"]
[Source "ChessBase"]
[SourceDate "2002.11.07"]
[SourceVersion "1"]
[SourceVersionDate "2002.11.07"]
[SourceQuality "1"]

1. e4 c5 2. Nf3 d6 3. d4 cxd4 4. Nxd4 Nf6 5. Nc3 a6 6. Bd3 e6 7. O-O Nc6 8.
Nde2 Be7 9. Ng3 O-O 10. Kh1 b5 11. a3 Bb7 12. f4 Qc7 13. Nh5 Rfe8 14. Bd2 g6
15. Nxf6+ Bxf6 16. f5 Bg7 17. f6 Bf8 18. Qc1 Ne5 19. Bh6 Kh8 20. Bxf8 Rxf8 21.
Qg5 Qc5 22. Ne2 Nxd3 23. Qh6 Nf2+ 24. Rxf2 Rg8 25. Rf4 g5 26. Rg4 Rg6 27. Qh5
Qxc2 28. Rxg5 Qxe4 29. Nc3 Qxg2+ 30. Rxg2 Bxg2+ 31. Kg1 Bf3+ 32. Qxg6 hxg6 33.
Kf2 Bb7 34. Rd1 d5 35. Ke3 Rc8 36. Kd4 1/2-1/2

[Event "EU-Cup 18th"]
[Site "Kallithea"]
[Date "2002.09.25"]
[Round "4.6"]
[White "Novkovic, Milan"]
[Black "Karjakin, Sergey"]
[Result "1/2-1/2"]
[WhiteElo "2375"]
[BlackElo "2523"]
[Annotator "Hazai,L"]
[PlyCount "50"]
[EventDate "2002.09.22"]
[EventType "team-swiss"]
[EventRounds "7"]
[EventCountry "GRE"]
[SourceTitle "CBM 092"]
[Source "ChessBase"]
[SourceDate "2003.02.06"]
[SourceVersion "1"]
[SourceVersionDate "2003.02.06"]
[SourceQuality "1"]
[WhiteTeam "Hohenems"]
[BlackTeam "Momot Alexander"]
[WhiteTeamCountry "AUT"]
[BlackTeamCountry "UKR"]

1. Nf3 Nf6 2. c4 g6 3. b4 Bg7 4. Bb2 d6 5. d4 O-O 6. e3 Nbd7 {This is also a
playable alternative. White's early advance by b2-b4 may cause him only
troubles, if he cannot hold this P structure.} (6... e5 7. dxe5 {-
Macieja-Gdanski, Warsaw 2002 CBM 89} (7. Be2 {- Meduna-Har Zvi, Lazne Bohdanec
1997 CBM 57}) (7. Nc3 {- Anastasian-Fedorov, Dubai 2001 CBM 83})) 7. Be2 (7.
Qb3 $5 {White is waiting with the development of the >> in order to stabilize
his <<.} e5 (7... c5 8. Be2 b6 9. Nbd2 e6 10. O-O Bb7 (10... Qc7 $5 {/\ Bb7 in
order to answer ...bxc5 by ...bxc5.}) 11. bxc5 dxc5 12. a4 {/\ a5 creating a
weakness on b6.} Ne4 13. Nxe4 Bxe4 14. Rfd1 cxd4 15. exd4 Qc7 16. a5 $14 {
Miles-Polugaevsky, London 1984 37/636}) (7... b6 {/\ Bb7} 8. Be2 Bb7 (8... c5 {
- 7...c5}) 9. O-O e6 {Black builds up a very flexible structure and ready to
attack White's [+].} 10. Nc3 (10. a4 {White's battlefront is too wide...} a5 $1
11. Nc3 (11. b5 Qe7 {/\ e5 and White has to hold >< c5.}) 11... axb4 12. Qxb4 {
Now White's P structure on the << remains corrupted.} e5 13. dxe5 dxe5 {>< c5}
14. Rfd1 Qc8 15. Nb5 Ne4 16. a5 Re8 17. axb6 Rxa1 18. Bxa1 cxb6 19. Qb1 Bf8 20.
Bb2 f6 $11 {Ruf-Kindermann, BL 1992}) 10... Qe7 11. Rfd1 Ne4 {This leads to
mass exchanges.} 12. Nxe4 Bxe4 13. Nd2 Bb7 14. Bf3 Bxf3 15. Nxf3 a5 16. a3 e5
$13 {Kaenel-Schmaltz, Germany 1996}) (7... Re8) (7... a5 8. a3 axb4 9. axb4
Rxa1 10. Bxa1 e5 11. dxe5 Ng4 12. Be2 Ndxe5 13. Nxe5 Nxe5 14. O-O Be6 {Black
has finished his development, while White's pieces are not so active.} 15. f4
Nd7 16. Bxg7 Kxg7 17. Qc3+ Qf6 18. e4 Qxc3 19. Nxc3 Nb6 20. Nd5 Bxd5 {1/2:1/2
Santos-Watson, Haifa EU-tch 1989}) 8. Be2 {- 7.Be2}) (7. Qc2 Re8 {/\ e5}) 7...
e5 8. dxe5 (8. Qb3 e4 (8... Re8 $5 {keeping the tension in the [+] was logical.
}) 9. Nfd2 Re8 10. Nc3 Nf8 {Now a King's Indian Attack type of position has
arised, where White's extra tempo is of high importance.} 11. h3 Qe7 12. a4 (
12. b5 $5) 12... h5 13. a5 Bf5 14. a6 b6 15. b5 h4 16. O-O-O Qd7 17. d5 g5 18.
Na2 Ng6 19. Nb4 Ne5 $13 {Kasianov-Hamatgaleev, Roslavl 1989}) (8. O-O e4 (8...
exd4 9. Nxd4 Re8 10. Nc3 Ne5 11. Qb3 c5 $5 (11... Bg4 12. Rad1 Bxe2 13. Ndxe2
Qc8 14. h3 $14 {Portisch-Kluger, Hungary 1958})) (8... Re8 $5 {is again a
flexible move.}) 9. Nfd2 (9. Ne1 $143 {The N is very passive here, White has
to insert pressure on e4.} Re8 {/\ Nf8, h5, Nf8-h7-g5} 10. Nc3 Nf8 11. b5 h5 {
/\ Bf5 N8h7} 12. Nc2 Bf5 {overprotecting the vital e4 square.} (12... h4 13. a4
N8h7 14. Nb4 Ng5 15. a5 {/\ a6} a6 16. Ncd5 Nxd5 {(Spiridonov-Meduna, Decin
1977)} 17. cxd5 $1 $14 {with a strong pressure on the c <-> against >< c7.})
13. Nb4 Bh6 14. a4 $1 {/\ a5-a6 weakening >< c6 is the standard plan.} (14.
Ncd5 Nxd5 15. Nxd5 (15. cxd5 $5 {with the similar idea mentioned before.})
15... c6 16. Nc3 Nh7 {/\ Ng5} 17. Rb1 Ng5 18. Ba3 Qd7 19. bxc6 bxc6 20. d5 c5
21. Qa4 Qe7 {Black has good attacking chances, so he has to avoid the exchange
of Q.} 22. Bb2 Bg4 $36 {Spiridonov-Skalkotas, Albena 1978 25/670})) 9... Re8 (
9... c6 $6 {/\ d5 is not a good plan in the King's Indian Attack type of
positions, White's pressure on the << finds more targets.} 10. Nc3 d5 11. b5
Re8 12. Rc1 Nf8 13. Ba3 Ne6 14. Qb3 Nc7 15. Rc2 {/\ Rfc1, and Black hasn't
made any attacking move on the other flank yet.} cxb5 16. cxd5 a6 17. d6 Ne6
18. Rfc1 Nf8 19. Nd5 $14 {A.Martin-Hebden, British ch 1991}) 10. Nc3 Nf8 (10...
c6 $6 {again creates only additional targets on the <<.} 11. a4 {/\ b5} Nf8 12.
b5 h5 13. a5 {/\ a6 blowing up Black's P chain.} cxb5 14. Nxb5 a6 15. Nc3 N8h7
16. Qb1 $1 Bf5 17. Ba3 Rb8 18. Qb6 {The exchange of the queens is a big
achievement for White.} Qxb6 19. axb6 $16 {V.Kovacevic-Subasic, Zenica 1986})
11. a4 (11. Qc2 Bf5 {in sone cases there are motifs against the Q on c2 on the
opening f5-c2 /^.} 12. b5 (12. Rae1 $6 h5 13. Qd1 {White has lost a lot of
tempi in a very sharp position.} Bh6 {putting pressure on >< e3 fighting
against f4.} 14. Nb3 N8h7 15. Bc1 Ng5 16. f3 exf3 17. Bxf3 Nfe4 {blockading
the vital e4 square.} 18. Nxe4 Bxe4 $15 {Karadag-Fries Nielsen, Graz 1978})) (
11. b5 h5 12. a4 h4 13. a5 h3 (13... a6 $5) 14. g3 N8h7 15. a6 $5 (15. Qc2 $6 {
weakening the light squares of the >>.} Ng5 16. a6 bxa6 17. bxa6 Bf5 18. Ra2 $6
Qc8 {/\ Bg4 exchanging the defending B, after which there are mating threats
on the light squares.} 19. Rc1 Bg4 $36 {Melich-Kochyev, Prague 1989})) (11. Re1
{/\ f3 defending >< e3.} h5 12. f3 exf3 13. Bxf3 N8h7 {/\ Ng5} 14. Nde4 Bg4 15.
Nxf6+ Nxf6 16. b5 {1/2:1/2 Mikhalchishin-Reinderman, Groningen 1992}) 11... h5
12. a5 N8h7 (12... h4 13. b5 (13. h3 $6 {creates a vulnerable target on h3.}
N8h7 14. Re1 Ng5 15. Bf1 Bf5 16. Ne2 Nh5 17. Qb3 Qd7 {Black's attacking pieces
are really impressive!} 18. Kh2 Bxh3 $1 {It is time for an ->.} 19. gxh3 Qf5 $1
20. Kg1 Nxh3+ 21. Bxh3 Qxh3 $40 {Kozomara-Gligoric, Sombor 1957}) 13... a6 $5)
13. a6 (13. b5 Bf5 (13... a6 $5 {fighting against a5-a6 is a typical defence
here.}) 14. Nd5 (14. a6 $5 {weakening >< c6 is the other typical plan here.})
14... Nxd5 15. cxd5 Qg5 16. Kh1 Bg4 $13 {Doda-Westerinen, Havana 1966}) 13...
b6 14. b5 $13 {was the consequent continuation of White's << advance.} (14. f4
$6 {creates only weaknesses in the [+] and on the >>.} exf3 15. Bxf3 Bg4 $1 16.
h3 $2 Bh6 $3 17. hxg4 Bxe3+ 18. Kh2 {is the only defence, other tries lose
outright:} (18. Kh1 $2 Ne4 $3 {/\ Qh4} 19. g3 Nxg3+ 20. Kg2 Qh4 21. Bxa8 Ng5 $3
$19) (18. Rf2 $2 Nxg4 $1 19. Bxg4 Qh4 $1 20. Qf3 Ng5 $19 {Kozomara-Byrne,
Sarajevo 1967 3/664}) 18... Ne4 $1 19. g3 Nxd2 20. Bxa8 Nxf1+ 21. Qxf1 Qxa8 22.
Nd5 $13 {R.Byrne})) (8. b5 Re8 {This is again the flexible move which is
useful in any P structure.} (8... e4 9. Nfd2 Re8 10. Nc3 Nf8 11. a4 {Since
White hasn't castled, the -> on the >> is not that dangerous.} h5 12. a5 Bf5
13. h3 {/\ g4} h4 14. a6 b6 15. Na2 {/\ Nb4-c6} N6d7 16. Nb4 Qg5 17. Kf1 Nh7
$13 {Kaenel-Gallagher, Zurich 1989}) 9. Nc3 exd4 10. Nxd4 {>< c5} Nc5 {Now
b4-b5 becomes a weakening move.} 11. O-O h5 12. h3 Nfe4 13. Nxe4 Nxe4 14. Qc2
Bd7 15. Bf3 Qe7 $11 {Kaenel-Epishin, Bern 1991}) 8... Ng4 {Black wants to take
back on e5 by a piece.} (8... dxe5 {deserves serious attention as well.} 9. O-O
e4 (9... Qe7 10. a3 e4 11. Nfd2 Ne5 12. Qc2 Bf5 13. Rd1 Rfe8 $15 {
Schulze-Muenster, Germany 1995}) 10. Nd4 Re8 11. a3 Ne5 $15 {Bove
Quist-Scheeren, Silkeborg 1983}) 9. O-O (9. Nbd2 Ngxe5 10. Qb3 a5 {White has
only problems with his P formation on the <<.} 11. Nxe5 Bxe5 $1 (11... dxe5 12.
a3 Qe7 $11 {Romero Holmes-Reyes, Palma de Mallorca 1992})) 9... Ndxe5 (9...
Ngxe5 10. Nc3 (10. Qb3 $143 a5 11. Nxe5 Bxe5 $1 {and White cannot hold >< b4.}
12. Bxe5 dxe5 13. Nc3 axb4 14. Qxb4 c6 15. Rfd1 Qa5 $15 {Koerner-Kruppa,
Berlin 1994})) 10. Nxe5 Nxe5 11. Nc3 Be6 12. Qb3 c6 {Other alternatives are
also playable:} (12... Re8 13. Rad1 a5 14. bxa5 {Now White's P structure is
ruined on the <<.} Rxa5 15. Nb5 b6 16. Bc3 Ra8 $11 {Chepukaitis-Yudasin, St
Petersburg 1997}) (12... f5 13. Nd5 c6 14. Nf4 Bf7 15. Qc2 Qf6 16. Kh1 g5 {
Black has good counterchances on the >>.} 17. Nh3 f4 18. exf4 gxf4 19. f3 Rae8
20. Rad1 d5 21. cxd5 Bxd5 $13 {Kempinski-Kovchan, Kharkov 2002}) 13. f4 {
White forces matters, and soon a drawish _|_ will arise.} (13. Rad1 $6 {allows}
b5 $1 14. Ne4 bxc4 $15) 13... Nxc4 $1 $11 14. Bxc4 d5 {This is the point!} 15.
Nxd5 (15. Bd3 d4 16. Qc2 dxc3 17. Bxc3 Qb6 {can only be better for Black.})
15... Bxb2 16. Qxb2 Bxd5 17. Rad1 Qe7 18. Bxd5 Qxe3+ 19. Qf2 Qxf2+ 20. Kxf2
cxd5 21. Rxd5 Rfd8 22. Rfd1 Rxd5 23. Rxd5 Rc8 $1 {Black has to activate his R
as soon as possible in the R _|_.} (23... Kg7 24. Rd7 $14) 24. Rd7 Rc2+ 25. Kf3
Rxa2 1/2-1/2

[Event "EU-ch rapid"]
[Site "Panormo"]
[Date "2002.09.30"]
[Round "3"]
[White "Barsov, Alexei"]
[Black "Karjakin, Sergey"]
[Result "1/2-1/2"]
[WhiteElo "2550"]
[BlackElo "2523"]
[PlyCount "85"]
[EventDate "2002.09.30"]
[EventType "swiss (rapid)"]
[EventRounds "11"]
[EventCountry "GRE"]
[SourceTitle "CBM 090 Extra"]
[Source "ChessBase"]
[SourceDate "2002.11.07"]
[SourceVersion "1"]
[SourceVersionDate "2002.11.07"]
[SourceQuality "1"]

1. d4 d5 2. c4 dxc4 3. e3 Nf6 4. Bxc4 e6 5. Nf3 a6 6. O-O c5 7. Bb3 b5 8. a4 b4
9. Nbd2 Bb7 10. a5 Be7 11. Ba4+ Nbd7 12. dxc5 Qc7 13. Nb3 O-O 14. Bd2 Nxc5 15.
Rc1 Ng4 16. g3 Bxf3 17. Qxf3 Ne5 18. Qg2 Qd8 19. Nxc5 Qxd2 20. Rc2 Qd8 21. Qe4
Bxc5 22. Rxc5 Nd7 23. Bxd7 Qxd7 24. Qxb4 Rab8 25. Qc3 Qb7 26. Rc6 Qb5 27. Rd1
g6 28. Rdd6 Qe2 29. Rb6 Rbc8 30. Rdc6 Rcd8 31. Rd6 Rc8 32. Qd2 Qc4 33. Rxa6 Qa2
34. Kg2 Qb1 35. Qe2 Rc1 36. Qf3 Rg1+ 37. Kh3 Qxb2 38. Ra8 Rxa8 39. Qxa8+ Kg7
40. Qf3 Qb5 41. Rd1 Rxd1 42. Qxd1 Qxa5 43. Qd4+ 1/2-1/2

[Event "EU-ch rapid"]
[Site "Panormo"]
[Date "2002.09.30"]
[Round "4"]
[White "Karjakin, Sergey"]
[Black "Jenni, Florian"]
[Result "1/2-1/2"]
[WhiteElo "2523"]
[BlackElo "2505"]
[PlyCount "94"]
[EventDate "2002.09.30"]
[EventType "swiss (rapid)"]
[EventRounds "11"]
[EventCountry "GRE"]
[SourceTitle "CBM 090 Extra"]
[Source "ChessBase"]
[SourceDate "2002.11.07"]
[SourceVersion "1"]
[SourceVersionDate "2002.11.07"]
[SourceQuality "1"]

1. d4 d5 2. c4 dxc4 3. e3 Nf6 4. Bxc4 e6 5. Nf3 a6 6. O-O c5 7. Bb3 b5 8. a4 b4
9. Nbd2 Bb7 10. a5 Be7 11. Ba4+ Nbd7 12. dxc5 Qc7 13. Nb3 O-O 14. Bd2 Nxc5 15.
Rc1 Ng4 16. g3 Bxf3 17. Qxf3 Ne5 18. Qg2 Qd8 19. Nxc5 Qxd2 20. Rc2 Qd8 21. Qe4
Bxc5 22. Rxc5 Nd7 23. Bxd7 Qxd7 24. Qxb4 Rab8 25. Qc3 Qb7 26. Rc6 Qb5 27. Rd1
g6 28. Rdd6 Qe2 29. Rb6 Rbc8 30. Rdc6 Rcd8 31. Rd6 Rc8 32. Qd2 Qc4 33. Rxa6 Qa2
34. Kg2 Qb1 35. Qe2 Rc1 36. Qf3 Rg1+ 37. Kh3 Qxb2 38. Ra8 Rxa8 39. Qxa8+ Kg7
40. Qf3 Qb5 41. Rd1 Rxd1 42. Qxd1 Qxa5 43. e4 Qd8 44. e5 Qe7 45. Qe2 f6 46. f3
h5 47. g4 h4 1/2-1/2

[Event "EU-ch rapid"]
[Site "Panormo"]
[Date "2002.10.01"]
[Round "8"]
[White "Karjakin, Sergey"]
[Black "Djuric, Stefan"]
[Result "1/2-1/2"]
[WhiteElo "2523"]
[BlackElo "2484"]
[PlyCount "63"]
[EventDate "2002.09.30"]
[EventType "swiss (rapid)"]
[EventRounds "11"]
[EventCountry "GRE"]
[SourceTitle "CBM 090 Extra"]
[Source "ChessBase"]
[SourceDate "2002.11.07"]
[SourceVersion "1"]
[SourceVersionDate "2002.11.07"]
[SourceQuality "1"]

1. e4 e5 2. Nf3 Nc6 3. d4 exd4 4. Nxd4 d6 5. Nc3 Nf6 6. Nxc6 bxc6 7. Bd3 g6 8.
Qe2 Bg7 9. e5 dxe5 10. Qxe5+ Be6 11. O-O O-O 12. Bg5 Rb8 13. Rad1 Nd5 14. Qg3
Qc8 15. Nxd5 cxd5 16. b3 c5 17. Rfe1 c4 18. Bf1 Qa6 19. a4 Qc6 20. Bf4 Rb7 21.
Be5 cxb3 22. Bxg7 Kxg7 23. cxb3 Qc2 24. Bb5 Qc7 25. Qe3 Qd8 26. Bc6 Rb6 27.
Bxd5 Bxd5 28. Qe5+ f6 29. Qxd5 Qxd5 30. Rxd5 Rxb3 31. g3 Rf7 32. Kg2 1/2-1/2

[Event "EU-ch rapid"]
[Site "Panormo"]
[Date "2002.10.01"]
[Round "10"]
[White "Karjakin, Sergey"]
[Black "Volkov, Sergey"]
[Result "1-0"]
[WhiteElo "2523"]
[BlackElo "2636"]
[PlyCount "75"]
[EventDate "2002.09.30"]
[EventType "swiss (rapid)"]
[EventRounds "11"]
[EventCountry "GRE"]
[SourceTitle "CBM 090 Extra"]
[Source "ChessBase"]
[SourceDate "2002.11.07"]
[SourceVersion "1"]
[SourceVersionDate "2002.11.07"]
[SourceQuality "1"]

1. e4 e6 2. d4 d5 3. Nc3 Nf6 4. Bg5 dxe4 5. Nxe4 Be7 6. Bxf6 gxf6 7. Nf3 b6 8.
Bd3 Bb7 9. Qe2 c6 10. O-O Nd7 11. c4 Qc7 12. Rac1 Qf4 13. c5 O-O 14. Rfe1 Rad8
15. b4 Kh8 16. Ng3 Rg8 17. a3 Bf8 18. Rcd1 f5 19. Bc4 Bh6 20. a4 Qc7 21. Ne5
Nxe5 22. dxe5 f4 23. Rxd8 Rxd8 24. Nh5 bxc5 25. bxc5 Qa5 26. Rd1 Rxd1+ 27. Qxd1
Bf8 28. Nf6 Be7 29. Qd7 Qd8 30. Qxb7 Kg7 31. Qxc6 Qd1+ 32. Bf1 Bxf6 33. exf6+
Kxf6 34. Qd6 Qxa4 35. c6 f3 36. g3 Qc2 37. Qd8+ Ke5 38. c7 1-0

[Event "EU-ch blitz"]
[Site "Panormo"]
[Date "2002.10.02"]
[Round "6"]
[White "Roiz, Michael"]
[Black "Karjakin, Sergey"]
[Result "1-0"]
[WhiteElo "2512"]
[BlackElo "2527"]
[PlyCount "98"]
[EventDate "2002.10.02"]
[EventType "tourn (blitz)"]
[EventRounds "38"]
[EventCountry "GRE"]
[SourceTitle "CBM 090 Extra"]
[Source "ChessBase"]
[SourceDate "2002.11.07"]
[SourceVersion "1"]
[SourceVersionDate "2002.11.07"]
[SourceQuality "1"]

1. Nf3 d5 2. d4 Nf6 3. c4 dxc4 4. e3 e6 5. Bxc4 a6 6. a4 c5 7. O-O Nc6 8. Qe2
Be7 9. Rd1 Qc7 10. dxc5 O-O 11. Nbd2 e5 12. e4 Bxc5 13. Nb3 Ba7 14. h3 h6 15.
Bd2 Be6 16. Rac1 Nh5 17. Bd5 Nf4 18. Bxf4 exf4 19. Nfd4 Nxd4 20. Nxd4 Qb6 21.
a5 Qxa5 22. Nxe6 fxe6 23. Bxe6+ Kh8 24. Bf5 Qb6 25. Rc2 Rad8 26. Rcd2 Rxd2 27.
Qxd2 g6 28. Qc3+ Qf6 29. Bxg6 Qxc3 30. bxc3 Rc8 31. Rd7 Rxc3 32. e5 Rc1+ 33.
Kh2 Bxf2 34. h4 h5 35. Bxh5 Bg3+ 36. Kh3 Rh1+ 37. Kg4 Rxh4+ 38. Kg5 f3 39. gxf3
Rh1 40. Kg6 Bh4 41. Rxb7 Rg1+ 42. Bg4 Bd8 43. Rb8 Rd1 44. Kf7 Kh7 45. e6 Kh6
46. e7 Bxe7 47. Kxe7 Kg5 48. Rb6 Kf4 49. Kf7 Rf1 1-0

[Event "EU-ch blitz"]
[Site "Panormo"]
[Date "2002.10.02"]
[Round "7"]
[White "Karjakin, Sergey"]
[Black "Volkov, Sergey"]
[Result "0-1"]
[WhiteElo "2527"]
[BlackElo "2642"]
[PlyCount "169"]
[EventDate "2002.10.02"]
[EventType "tourn (blitz)"]
[EventRounds "38"]
[EventCountry "GRE"]
[SourceTitle "CBM 090 Extra"]
[Source "ChessBase"]
[SourceDate "2002.11.07"]
[SourceVersion "1"]
[SourceVersionDate "2002.11.07"]
[SourceQuality "1"]

1. e4 e6 2. d4 d5 3. Nc3 Nf6 4. Bg5 Bb4 5. e5 h6 6. Bh4 g5 7. Bg3 Ne4 8. Nge2
Nd7 9. a3 Nxg3 10. hxg3 Be7 11. b4 a5 12. b5 c5 13. f4 a4 14. Qd2 Qa5 15. Kf2
Nb6 16. Qd3 Nc4 17. Kf3 Bd7 18. Nd1 Nd2+ 19. Ke3 Nc4+ 20. Kf2 Bxb5 21. Qf3 Nd2
22. Qe3 Ne4+ 23. Kg1 Bxe2 24. Bxe2 cxd4 25. Qf3 Kd7 26. f5 g4 27. Qd3 exf5 28.
Rh5 Ke6 29. Kh2 Bg5 30. Rb1 Rab8 31. Rb5 Qd2 32. Rb6+ Kxe5 33. Nb2 Nc3 34. Qxd2
Bxd2 35. Nd3+ Ke4 36. Bxg4 Bg5 37. Bf3+ Ke3 38. Kg1 Kd2 39. Kf2 Kxc2 40. Nb4+
Kd2 41. g4 Rhe8 42. Rh1 Be3+ 43. Kg3 f4+ 44. Kh3 Bf2 45. Nxd5 Re1 46. Rb2+ Kd3
47. Nxf4+ Kc4 48. Rxe1 Bxe1 49. Rb4+ Kc5 50. Nd3+ Kd6 51. Rxd4+ Kc7 52. Nxe1
Nb5 53. Rxa4 Re8 54. Nd3 Re3 55. Rc4+ Kb6 56. Nb4 Rxa3 57. Nd5+ Ka7 58. Rb4 Nd6
59. Nf6 Ra5 60. Ne4 Ne8 61. Nc3 Nd6 62. Ne4 Ne8 63. Kh4 Nc7 64. Nc3 b6 65. Rd4
Ne6 66. Rd7+ Kb8 67. Rxf7 Ng5 68. Rb7+ Kc8 69. Rg7 Ra1 70. Nb5 Kd8 71. Bd5 Rh1+
72. Kg3 Rd1 73. Rg8+ Ke7 74. Bf3 Rb1 75. Nd4 Rb4 76. Nf5+ Kd7 77. Rg6 Rb3 78.
Kf4 Rb2 79. Bc6+ Kc7 80. Bd5 b5 81. Ke5 Re2+ 82. Kd4 Rd2+ 83. Kc5 Rc2+ 84. Kxb5
Rb2+ 85. Kc5 0-1

[Event "EU-ch blitz"]
[Site "Panormo"]
[Date "2002.10.03"]
[Round "12"]
[White "Karjakin, Sergey"]
[Black "Popov, Valerij"]
[Result "1-0"]
[WhiteElo "2527"]
[BlackElo "2568"]
[PlyCount "59"]
[EventDate "2002.10.02"]
[EventType "tourn (blitz)"]
[EventRounds "38"]
[EventCountry "GRE"]
[SourceTitle "CBM 090 Extra"]
[Source "ChessBase"]
[SourceDate "2002.11.07"]
[SourceVersion "1"]
[SourceVersionDate "2002.11.07"]
[SourceQuality "1"]

1. e4 a6 2. d4 b5 3. Bd3 Bb7 4. Nf3 e6 5. O-O Nf6 6. Nbd2 c5 7. c3 Nc6 8. Re1
d5 9. e5 Nd7 10. Nf1 Be7 11. Ng3 h5 12. h3 c4 13. Bc2 a5 14. Nh2 g6 15. f4 b4
16. Nf3 Qb6 17. Ng5 Bxg5 18. fxg5 Ncxe5 19. Bf4 Nc6 20. Bxg6 fxg6 21. Rxe6+ Kd8
22. Rxg6 h4 23. Nf5 Rf8 24. Qg4 bxc3 25. bxc3 Qb2 26. Rf1 Qxc3 27. Rd6 Ncb8 28.
g6 Ra6 29. Qxh4+ Kc8 30. Ne7+ 1-0

[Event "EU-ch blitz"]
[Site "Panormo"]
[Date "2002.??.??"]
[Round "17"]
[White "Karjakin, Sergey"]
[Black "Movsesian, Sergei"]
[Result "1/2-1/2"]
[WhiteElo "2523"]
[BlackElo "2654"]
[PlyCount "115"]
[EventDate "2002.10.02"]
[EventType "tourn (blitz)"]
[EventRounds "38"]
[EventCountry "GRE"]
[SourceTitle "CBM 090 Extra"]
[Source "ChessBase"]
[SourceDate "2002.11.07"]
[SourceVersion "1"]
[SourceVersionDate "2002.11.07"]
[SourceQuality "1"]

1. e4 c5 2. Nf3 Nc6 3. d4 cxd4 4. Nxd4 Qc7 5. Nc3 e6 6. Be2 a6 7. O-O Nf6 8.
Be3 Be7 9. f4 d6 10. a4 O-O 11. Kh1 Bd7 12. Nb3 b6 13. Bf3 Rab8 14. g4 Bc8 15.
g5 Nd7 16. Bg2 Bb7 17. Qh5 Rfe8 18. Rad1 Bf8 19. Rf3 g6 20. Qh4 Bg7 21. Rh3 Nf8
22. f5 Ne5 23. f6 Bh8 24. Qf2 Ba8 25. Rg3 b5 26. axb5 axb5 27. h4 b4 28. Nb1
Rec8 29. Nd4 h5 30. b3 Ng4 31. Qe2 e5 32. Nb5 Rxb5 33. Qxb5 Qxc2 34. Qd3 Qb2
35. Bg1 Ne6 36. Rd2 Qa1 37. Rc2 Rd8 38. Rc1 Nf4 39. Qc4 Qb2 40. Qc2 Qxc2 41.
Rxc2 Nxg2 42. Rcxg2 Bxe4 43. Nd2 Bc6 44. Bb6 Rb8 45. Bc7 Ra8 46. Kg1 Ra1+ 47.
Nf1 Bb5 48. Rf3 e4 49. Rf4 e3 50. Rb2 e2 51. Rxe2 Bxe2 52. Bxd6 Ne3 53. Kf2
Rxf1+ 54. Kxe3 Rxf4 55. Bxf4 Bd1 56. Bd6 Bxb3 57. Bxb4 Bd5 58. Be7 1/2-1/2

[Event "EU-ch blitz"]
[Site "Panormo"]
[Date "2002.??.??"]
[Round "17"]
[White "Movsesian, Sergei"]
[Black "Karjakin, Sergey"]
[Result "1-0"]
[WhiteElo "2654"]
[BlackElo "2523"]
[PlyCount "85"]
[EventDate "2002.10.02"]
[EventType "tourn (blitz)"]
[EventRounds "38"]
[EventCountry "GRE"]
[SourceTitle "CBM 090 Extra"]
[Source "ChessBase"]
[SourceDate "2002.11.07"]
[SourceVersion "1"]
[SourceVersionDate "2002.11.07"]
[SourceQuality "1"]

1. e4 c5 2. Nf3 d6 3. Nc3 a6 4. d4 cxd4 5. Nxd4 Nf6 6. g3 e5 7. Nb3 Be7 8. Bg2
b5 9. O-O O-O 10. Bd2 Nbd7 11. Re1 Nb6 12. a4 b4 13. Nd5 Nfxd5 14. exd5 a5 15.
c3 Nc4 16. cxb4 Nxd2 17. Qxd2 axb4 18. Qxb4 Bd7 19. a5 Qc7 20. Rec1 Qa7 21. Qd2
Rfb8 22. Ra3 Bd8 23. Bf1 f5 24. a6 f4 25. Na5 fxg3 26. hxg3 Bb6 27. Kg2 Rf8 28.
f3 e4 29. f4 Bg4 30. Nc6 Qf7 31. Be2 Bf5 32. Rb3 e3 33. Qd1 Bc5 34. Rb7 Be4+
35. Bf3 Bxf3+ 36. Qxf3 Qf6 37. b4 Qb2+ 38. Kh3 Qxc1 39. bxc5 Qxc5 40. Qg4 Rf7
41. Qe6 Raf8 42. Rxf7 Rxf7 43. Qe8+ 1-0